[Event "GER-chT9 KI-31 Br01 email"]
[Site "GER email"]
[Date "2011.10.17"]
[Round "?"]
[White "Wurzebesser, Ray"]
[Black "Bohme, Sebastian"]
[Result "0-1"]
[WhiteElo "2028"]
[BlackElo "2148"]
[PlyCount "82"]
[EventDate "2011.10.23"]
[EventType "tourn (corr)"]
[EventRounds "6"]
[EventCountry "GER"]
[SourceTitle "Corr 2015"]
[Source "ChessBase"]
[SourceDate "2015.07.17"]
[SourceVersion "1"]
[SourceVersionDate "2015.07.17"]
[SourceQuality "1"]

1. d4 f5 2. g3 Nf6 3. Bg2 e6 4. c4 c6 5. Nf3 d5 6. 0-0 Bd6 7. Nc3 0-0 8. Qc2 Qe8 9. Rb1 Nbd7 10. b4 dxc4 11. e4 fxe4 12. Ng5 b5 13. a4 a6 14. Ngxe4 Nxe4 15. Nxe4 Bb8 16. Ra1 Ra7 17. Re1 Qg6 18. Qe2 Nb6 19. axb5 cxb5 20. Ng5 Rf5 21. Be4 h6 22. Nf3 Qh5 23. Bxf5 Qxf5 24. Ne5 Nd5 25. Nc6 Ra8 26. Ra3 Bd6 27. Bd2 Qg6 28. Ne5 Qe8 29. Qf3 Qf8 30. Qh5 Bb7 31. Nd7 Qf7 32. Qxf7+ Kxf7 33. Nc5 Bc8 34. f4 Be7 35. Kf2 Rb8 36. Kf3 Rb6 37. Kf2 Rd6 38. Kf3 Bf6 39. Re4 Ne7 40. Be3 Nc6 41. Ra1 Nxb4 0-1

[Event "GER-chT9 KI-31 Br01 email"]
[Site "GER email"]
[Date "2011.10.17"]
[Round "?"]
[White "Wurzebesser, Ray"]
[Black "Keskowski, Thilo"]
[Result "1/2-1/2"]
[WhiteElo "2028"]
[BlackElo "2125"]
[PlyCount "94"]
[EventDate "2011.10.23"]
[EventType "tourn (corr)"]
[EventRounds "6"]
[EventCountry "GER"]
[SourceTitle "Corr 2015"]
[Source "ChessBase"]
[SourceDate "2015.07.17"]
[SourceVersion "1"]
[SourceVersionDate "2015.07.17"]
[SourceQuality "1"]

1. e4 e5 2. Nf3 Nc6 3. Bb5 a6 4. Ba4 Nf6 5. 0-0 b5 6. Bb3 Bc5 7. c3 d6 8. a4 Rb8 9. d4 Bb6 10. axb5 axb5 11. Na3 0-0 12. Nxb5 Bg4 13. Bc2 Bxf3 14. gxf3 Nh5 15. f4 Nxf4 16. Bxf4 exf4 17. Na3 Qf6 18. Kh1 Ne7 19. Nc4 Qe6 20. Qd3 g6 21. b4 c6 22. Nxb6 Rxb6 23. Rfb1 d5 24. Re1 Qg4 25. h3 Qh4 26. Qf3 Rbb8 27. Kg2 Qg5+ 28. Kf1 Rb7 29. Ra5 Rd8 30. Qg4 h6 31. Qxg5 hxg5 32. exd5 Rxd5 33. Ra6 Rdd7 34. Ba4 Rdc7 35. Rxe7 Rxe7 36. Bxc6 Rb8 37. b5 Kg7 38. c4 Rd8 39. b6 Rxd4 40. b7 Rxb7 41. Bxb7 Rxc4 42. Rc6 Rd4 43. Rc7 Kf8 44. Kg2 f5 45. Bf3 Rd2 46. Rb7 Kg8 47. Ra7 Kf8 1/2-1/2